000 00460cam a2200181ua 4500
001 3935
008 111209n ii |||gr||||Z||||||asm
040 _cMAIN
082 _a891.458
100 1 _aHazarika, Karabi Deka,
245 1 1 _aAsamiya kabi aru kabita
_cby Karabi Deka Hazarika
250 _a1st.
260 _aDibrugarh:
_bStudents emporium,994.
300 _a187p:
_c23cm.
653 _aAssamese poem
653 _aAsamiya kabi aru kabita
942 _cBK
999 _c3757
_d3757